000 00311nam a2200121Ia 4500
003 GCL
008 140319s9999 xx 000 0 eng d
040 _aGCL /
_cGCL
082 0 4 _a620.1126
_bA T
245 1 0 _aTopics in Fracture and Fatigue.
260 _a[S.N] :
_bABT AKVERT SKIRA S.A ،
_c1992
300 _a346 P P
999 _c16678
_d16678